[Event "Valdivia op 2nd"]
[Site "Valdivia"]
[Date "2021.09.17"]
[Round "1"]
[White "Navarrete Sandoval, Francisco Javier"]
[Black "Cifuentes Sandoval, Matias"]
[Result "1-0"]
[WhiteElo "2071"]
[BlackElo "1581"]
[PlyCount "41"]
[EventDate "2021.09.16"]
[EventType "swiss"]
[EventRounds "6"]
[EventCountry "CHI"]
[SourceTitle "CBM 204 Extra"]
[Source "ChessBase"]
[SourceDate "2021.11.30"]
[SourceVersion "1"]
[SourceVersionDate "2021.11.30"]
[SourceQuality "1"]

1. e4 c5 2. Nf3 d6 3. Bc4 e6 4. Qe2 Nc6 5. c3 Nf6 6. d4 d5 7. exd5 Nxd5 8. 0-0 cxd4 9. cxd4 Be7 10. Nc3 0-0 11. Rd1 Re8 12. Ne5 Nxe5 13. dxe5 Nxc3 14. bxc3 Qc7 15. Rd4 f5 16. exf6 Bxf6 17. Bf4 Qa5 18. Rd3 Kh8 19. Rad1 Qa4 20. Rh3 e5 21. Rxh7+ 1-0